000 00648nam a22001577a 4500
003 OSt
005 20150922105711.0
008 150922b xxu||||| |||| 00| 0 eng d
040 _cRUA
082 _aAGR UY 2007 B035 Or.1
100 _91093
_aUY, SOTHEAVY.
245 _aSmall-scale household cashew -nut production in santuk district, kampong thom province ផលិតកម្មដំណាំស្វាយចន្នីជាលក្ខណ:គ្រួសារក្នុងស្រុកសន្ទុកខេត្តកំពង់ធំ
260 _aPhnom Penh
_bRUA
_c2007
300 _axii, 50p.
_bill.
_c29cm.
942 _2ddc
_cAGR
999 _c1048
_d1048